00393pab a2200133 454500008004000000100001700040245009200057260000900149300001400158362001200172650001500184700002100199773003900220180718b2012 xxu||||| |||| 00| 0 eng d aJatav, Manoj aEmergence of the construction sector as an alternative employer for the rural workforce c2012 ap.62-634. aOct-Dec aEmployment aJajoria, Deepika aIndian Journal of Labour Economics